000
00314nam a22001217a 4500
082
_a
ZAR
100
_a
Zardaari Muhammad Laiq
245
_a
History of Sindh
260
_a
Moro
_b
Sindh Historical and Cultural Socity
300
_a
340
500
_a
Bilawal Institute of Historical Research , Nawabshah
942
_c
BK
999
_c
11681
_d
11681